000 00861nab a2200253 u 4500
001 17880
003 HDC
007 cr bn ---aaaaa
008 210225c mydr|noo 0 a may d
040 _aHDC
100 _aFazli Abdullah
_eauthor
_917047
245 0 _aMASkargo sedia pusat kargo mudah rosak diambil alih /
_cby Fazli Abdullah dan Zainab Mohd Yatim
260 _aMalaysia :
_bBerita Harian,
_c2004
336 _atext
_2rdacontent
337 _acomputer
_2rdamedia
338 _aonline resource
_2rdacarrier
650 _aAirlines industry
_915692
650 _aautomotive
_915464
710 _aBerita Harian
856 _zRequest full-text at [email protected]
942 _2lcc
942 _cNEWS
942 _kNWSO 008796
999 _c15196
_d15196